000 00254nam a22001097a 4500
008 170119b xxu||||| |||| 00| 0 eng d
020 _a9781582554044
041 _aeng
080 _226TH
_a618.2
245 _aDRUG HANDBOOK
_cSCHILLING, J.A
942 _2udc
_cBK
999 _c3166
_d3166